[Event "IX Open Primavera"]
[Site "Robecchetto con Induno ITA"]
[Date "2012.05.24"]
[Round "7"]
[White "Vada, Riccardo"]
[Black "Crestani, Sandro"]
[Result "1-0"]
[WhiteElo "1440"]
[BlackElo "1670"]
[PlyCount "125"]
[EventDate "2012.04.12"]

1. e4 d6 2. d4 Nf6 3. Bd3 g6 4. Nc3 Bg7 5. Nf3 Nc6 6. h3 Nb4 7. O-O Nxd3 8.
cxd3 O-O 9. Bf4 Nd7 10. e5 dxe5 11. dxe5 Nc5 12. d4 Ne6 13. Be3 c6 14. Qd2 Nc7
15. Rad1 Nd5 16. Bh6 Be6 17. Bxg7 Kxg7 18. Ne4 f6 19. Rfe1 Nb6 20. exf6+ exf6
21. Nc5 Bxa2 22. b3 Bxb3 23. Nxb3 Nc4 24. Qb4 b5 25. Nc5 Kg8 26. Ne6 a5 27.
Qxc4 bxc4 28. Nxd8 Rfxd8 29. Re3 Rd5 30. Rc3 c5 31. Rxc4 cxd4 32. Ra4 d3 33.
Rd2 Re8 34. Ra3 a4 35. Rxa4 Re2 36. Rxe2 dxe2 37. Re4 Rd1+ 38. Kh2 Kf7 39. Rxe2
g5 40. Rd2 Rf1 41. g4 Kg6 42. Kg2 Ra1 43. Nd4 h5 44. Nf5 Ra7 45. Rd8 hxg4 46.
hxg4 Rb7 47. Re8 Rb4 48. Kg3 Rb3+ 49. f3 Rb1 50. Re7 Rg1+ 51. Kf2 Rxg4 52. Rg7+
Kxf5 53. fxg4+ Kxg4 54. Kg2 Kf4 55. Kh3 f5 56. Rg8 g4+ 57. Kh4 Kf3 58. Rg7 Kf4
59. Rg5 Ke4 60. Kg3 Ke5 61. Rg8 Ke6 62. Kf4 Kf7 63. Rg5 1-0